01561nam a22003017a 45000010005000000030006000050050017000110080041000280200015000690400029000840500014001130820010001271000018001372450080001552500041002352600056002763000049003324900029003815050008004105200577004185210029009955210020010246500026010447000035010709420015011059990015011209520124011355562FISKH20241217162611.0241217b cb ||||| |||| 00| 0 eng d a9715048323 aFISKHbengcFISKHdFISKH aPR3403.A1 a823.5 aDefoe, Daniel aRobinson Crusoe /cRetold by Anne de Graaf : illustrated by Francois Ruyer  aPhilippine edition published in 1997 aDenmark : bScandinavia Publishing House ;c1990 . a64 pages : bcolor illustrations ;c25 cm .  aThe classic for children aS  aRobinson Crusoe is the fictional autobiography of the title character. As a young man, Crusoe sets out from England on a disastrous sea voyage. His passion for seafaring remains undiminished and so he sets out again, only to be shipwrecked a third time. His journey takes him to Brazil where he becomes a plantation owner. A third and final shipwrecking, however, leaves him stranded for 28 years on a remote island. There he becomes a devout Christian and believes his life lacks nothing but society. The work is sometimes credited with being the first English novel. .8 a790 bLexile estimate 8 aS bRaz-Plus  a18th centuryvfiction aRuyer, Francois eillustrator  2ddccBKn0 c5562d5562 00102ddc40708NFICa001b001cSNSd2024-12-17l0oGRA 823.5 PR3403.A1pFIS01548r2024-12-17 16:25:46w2024-12-17yBK